000 00483nam a2200145 a 4500
008 120416s1959 ||||||||||||||||| || u
050 _aQP 514 Whi
100 _aWhite, Abraham
245 1 0 _aPrinciples of biochemistry
250 _a2nd ed.
260 _aNew York
_bMcGraw-Hill
_c1959
300 _axiii, 1149p. : ill.
350 _a0.00
995 _D0.00
_FCBU-MAIN LIBRARY (Kitwe)
_H1
_I8.65
_UDAMAGED
_ZMain Library Open Access Collection
999 _c54521
_d54521